000 00941nam a2200301 a 4500
001 32472
003 BD-RjUL
005 20211209051836.0
008 140426s1968 stk b 001 0 eng d
020 _a0852244037 (pbk) :
020 _a0852240325
035 _a(BD-RjUL)32561
040 _aBNB
_beng
_cBNB
_dXNTU
_dBD-RjUL
041 _aeng
082 0 4 _a297.1977
_219
_bWAI 1968
100 1 _aWatt, W. Montgomery
_q(William Montgomery)
_952732
245 1 0 _aIslamic political thought :
_bthe basic concepts /
_cW. Montgomery Watt.
260 _aEdinburgh :
_bEdinburgh University Press,
_cc1968.
300 _axi, 186 p. ;
_c21 cm.
500 _aIslam. Political aspects (BNB/PRECIS)
504 _aBibliography: pxi. - Includes index.
650 0 _aIslam and politics.
_998806
830 _aIslamic surveys ; 6
_9101353
942 _2ddc
_cBK
_05
999 _c32472
_d32472